000
00319nam a22001337a 4500
008
210302b ||||| |||| 00| 0 eng d
020
_a
9780393968330
041
_a
eng
080
_2
2nd
_a
82
100
_a
21
101
_a
GJL
245
_a
The Norton Anthology of Contemporary Fiction
_c
Cassill,V.R
942
_2
udc
_c
BK
999
_c
55519
_d
55519